000
00292nam a22001337a 4500
008
171024b xxu||||| |||| 00| 0 eng d
020
_a
9789994382149
041
_a
ALB
080
_a
311
100
_a
55
101
_a
STA
245
_a
STATISTIKA PER MENAXHER
_c
KOCI.N.
942
_2
udc
_c
BK
999
_c
35723
_d
35723